LEADER 01219nam a2200277 4500 001 000000362059 003 CaOOAMICUS 005 20250310124417.0 008 250310s2007 gw 000 u ger r 020 $a978-3-421-04224-8 040 $aSeMil$bita 100 1 $aPauen, Michael,$d<1956- >.$0(OLS)http://semarc/name/121651 245 10$aWas ist der Mensch? :$bdie Entdeckung der Natur des Geistes /$cMichael Pauen. 264 1$aMünchen :$bDeutsche Verlags-Anstalt,$c2007. 300 $a269 p. ;$c22 cm 650 4$aCoscienza.$0(OLS)http://semarc/subject/441 650 4$aLibero arbitrio.$0(OLS)http://semarc/subject/4428 650 4$aNeuroscienze.$0(OLS)http://semarc/subject/15062 650 4$aNaturalismo - Filosofia.$0(OLS)http://semarc/subject/13984 850 $aSeMil 852 $aSeMil$W1$xVenegono$y1$m2P VII 524$j255085$B252996$CSeMilBibl$Z2$F252996 $81 961 $aBuzzi mons. Franco - Omaggio 996 $6020$a978-3-421-04224-8$9(OLS)http://semarc/number/302708 996 $6245$aWas ist der Mensch? :$bdie Entdeckung der Natur des Geistes$9(OLS)http://semarc/title/452911 996 $6264$aMünchen :$bDeutsche Verlags-Anstalt$9(OLS)http://semarc/publisher/53120 LEADER 00881nam a2200205 i 4500 001 000000030468 003 CaOOAMICUS 005 20220519142301.0 008 180830s1950 it u000 u ita u 040 $aSeMil$bita 100 1 $aSienkiewicz, Henryk,$d<1846-1916>.$0(OLS)http://semarc/name/5113 245 10$aQuo vadis? :$bromanzo dei tempi di Nerone /$cEnrico Sienkiewicz. 260 $aMilano :$bRizzoli,$c1950. 300 $a2 v. ;$c16 cm. 774 0 $aSienkiewicz, Henryk <1846-1916>$t1.$kBiblioteca Universale Rizzoli$w()232679 774 0 $aSienkiewicz, Henryk <1846-1916>$t2.$kBiblioteca Universale Rizzoli$w()232680 830 0$aBiblioteca Universale Rizzoli.$0(OLS)http://semarc/title/7348 996 $6245$aQuo vadis? :$bromanzo dei tempi di Nerone$9(OLS)http://semarc/title/41487 996 $6260$aMilano :$bRizzoli$9(OLS)http://semarc/publisher/29824